Effective management (Record no. 75767)

MARC details
000 -LEADER
fixed length control field 00857nam a2200181 a 4500
008 - FIXED-LENGTH DATA ELEMENTS--GENERAL INFORMATION
fixed length control field 120416s1998 ||||||||||||||||| || u
020 ## - INTERNATIONAL STANDARD BOOK NUMBER
International Standard Book Number 8170249848
050 ## - LIBRARY OF CONGRESS CALL NUMBER
Classification number HD 31 Ahm
100 ## - MAIN ENTRY--PERSONAL NAME
Personal name Ahmad, Khaliq
245 10 - TITLE STATEMENT
Title Effective management
260 ## - PUBLICATION, DISTRIBUTION, ETC.
Place of publication, distribution, etc. New Delhi
Name of publisher, distributor, etc. A.P.H. Publishing corporation
Date of publication, distribution, etc. 1998
350 ## -
-- 0.00
650 ## - SUBJECT ADDED ENTRY--TOPICAL TERM
Topical term or geographic name entry element EFFECTIVE MANAGEMENT
650 #0 - SUBJECT ADDED ENTRY--TOPICAL TERM
Topical term or geographic name entry element MANAGEMENT
995 ## -
-- BINDERY (DAMAGED)
-- 0.00
-- 733052
-- CBU-MAIN LIBRARY (Kitwe)
-- 1
-- 40.00
-- HD 31 Ahm
-- 1
-- DAMAGED
-- 44500
-- Main Library Open Access Collection
995 ## -
-- MAIN LIBRARY OPEN ACCESS
-- 0.00
-- 733051
-- CBU-MAIN LIBRARY (Kitwe)
-- 2
-- 40.00
-- HD 31 Ahm
-- 2
-- AVAILABLE
-- Apr 26, 2006
-- 44497
-- Main Library Open Access Collection
995 ## -
-- MAIN LIBRARY OPEN ACCESS
-- 0.00
-- 733050
-- CBU-MAIN LIBRARY (Kitwe)
-- 3
-- 40.00
-- HD 31 Ahm
-- 3
-- LOST
-- 733050
-- Main Library Open Access Collection
999 ## -
-- 75767
-- 75767
Holdings
Withdrawn status Lost status Source of classification or shelving scheme Damaged status Not for loan Permanent Location Current Location Shelving location Date acquired Total Checkouts Full call number Barcode Date last seen Copy number Price effective from Koha item type
          CBU-MAIN LIBRARY, KITWE. CBU-MAIN LIBRARY, KITWE.   04/24/2023   HD 31 Ahm 44500 04/24/2023 1 04/24/2023 MONOGRAPH
          CBU-MAIN LIBRARY, KITWE. CBU-MAIN LIBRARY, KITWE.   04/24/2023   HD 31 Ahm 44497 04/24/2023 2 04/24/2023 MONOGRAPH
          CBU-MAIN LIBRARY, KITWE. CBU-MAIN LIBRARY, KITWE.   04/24/2023   HD 31 Ahm 733050 04/24/2023 3 04/24/2023 MONOGRAPH